000 00478nam a22001817a 4500
005 20251108172759.0
008 250721s2003 xx 000 0 ara d
082 1 4 _a152.3/خطي
100 1 _aالخطيب، نسرين
245 1 0 _aلغة الجسد /
264 1 _aعمان :
_bحضارة للنشر،
_c2003.
300 _a95 ص
650 1 7 _aالايماءات
650 1 7 _aلغه الجسد
700 1 _aمحمد، كفاح
942 _2ddc
_cBK
999 _c88319
_d88319